| 000 | 00377nam a2200145Ia 4500 | ||
|---|---|---|---|
| 005 | 20251222151332.0 | ||
| 008 | 251222s9999||||xx |||||||||||||| ||spa|| | ||
| 020 | _a9788445432785 | ||
| 082 | _a363.117/B23 | ||
| 100 | _aBaquero Serrano, Carmen | ||
| 245 | 0 | _aManual Básico de Prevención de Riesgos Laborales | |
| 250 | _a3ra. ed. | ||
| 264 | _bEdiciones CEF | ||
| 942 | _cLIB | ||
| 999 |
_c24141 _d24141 |
||